| 000 | 00455nam a2200145 i 4500 | ||
|---|---|---|---|
| 001 | 57662 | ||
| 003 | ES-MaACL | ||
| 005 | 20230906163622.0 | ||
| 007 | t| | ||
| 008 | 031017s1910 sp ||||1| spa d | ||
| 100 | 1 |
_aDoz y Gómez, Enrique. _945562 |
|
| 245 | 1 | 0 |
_aAguas minero-medicinales de Fuensanta de Buyeres de Nava, provincia de Oviedo / _cmemoria escrita por Enrique Doz y Gómez. |
| 260 |
_aOviedo : _b[s.n.], _c1910. |
||
| 852 |
_aES-MaACL _j1587-F-3 |
||
| 999 |
_c57662 _d57662 |
||